Caricamento...

Foreign affairs

Dettagli Bibliografici
Pubblicazione: David Kellog
LEADER 01147nam a22001937a 4500
245 |a Foreign affairs 
260 |b David Kellog 
942 |c BV 
999 |c 103234  |d 103234 
952 |0 0  |1 0  |4 0  |7 0  |9 97596  |a SSS  |b SSS  |c BV  |d 2016-02-10  |l 0  |p SSSJ0522  |r 2016-02-10  |w 2016-02-10  |y BV 
952 |0 0  |1 0  |4 0  |7 0  |9 97597  |a SSS  |b SSS  |c BV  |d 2016-02-10  |l 0  |p SSSJ0523  |r 2016-02-10  |w 2016-02-10  |y BV 
952 |0 0  |1 0  |4 0  |7 0  |9 97598  |a SSS  |b SSS  |c BV  |d 2016-02-10  |l 0  |p SSSJ0524  |r 2016-02-10  |w 2016-02-10  |y BV 
952 |0 0  |1 0  |4 0  |7 0  |9 97599  |a SSS  |b SSS  |c BV  |d 2016-02-10  |l 0  |p SSSJ0525  |r 2016-02-10  |w 2016-02-10  |y BV 
952 |0 0  |1 0  |4 0  |7 0  |9 97600  |a SSS  |b SSS  |c BV  |d 2016-02-10  |l 0  |p SSSJ0526  |r 2016-02-10  |w 2016-02-10  |y BV 
952 |0 0  |1 0  |4 0  |7 0  |9 97601  |a SSS  |b SSS  |c BV  |d 2016-02-10  |l 0  |p SSSJ0527  |r 2016-02-10  |w 2016-02-10  |y BV 
952 |0 0  |1 0  |4 0  |7 0  |9 97602  |a SSS  |b SSS  |c BV  |d 2016-02-10  |l 0  |p SSSJ0528  |r 2016-02-10  |w 2016-02-10  |y BV 
952 |0 0  |1 0  |4 0  |7 0  |9 97603  |a SSS  |b SSS  |c BV  |d 2016-02-10  |l 0  |p SSSJ0529  |r 2016-02-10  |w 2016-02-10  |y BV 
952 |0 0  |1 0  |4 0  |7 0  |9 97604  |a SSS  |b SSS  |c BV  |d 2016-02-10  |l 0  |p SSSJ0530  |r 2016-02-10  |w 2016-02-10  |y BV 
952 |0 0  |1 0  |4 0  |7 0  |9 97605  |a SSS  |b SSS  |c BV  |d 2016-02-10  |l 0  |p SSSJ0531  |r 2016-02-10  |w 2016-02-10  |y BV